| 000 | 00799cam a22002771 4500 | ||
|---|---|---|---|
| 001 | 10128 | ||
| 003 | BD-RjUL | ||
| 005 | 20211208234910.0 | ||
| 008 | 140123r19621957nyua 001 0 eng | ||
| 035 | _a(BD-RjUL)10175 | ||
| 035 | _a(OCoLC)1678725 | ||
| 040 |
_aDLC _cFM _dDLC _dBD-RjUL _beng |
||
| 041 | _aeng | ||
| 082 |
_a540 _bHOO |
||
| 100 | 1 |
_aHolmes, Harry N. _q(Harry Nicholls), _d1879- _931265 |
|
| 245 | 1 | 0 |
_aOut of the test tube; _bthe story of chemistry. |
| 250 | _a5th ed., rev. and expanded. | ||
| 260 |
_aNew York : _bEmerson Books, _c1957[printing1962] |
||
| 300 |
_a313 p. : _billus. ; _c24 cm. |
||
| 504 | _aIncludes index. | ||
| 650 | 0 |
_aChemistry. _931266 |
|
| 650 | 0 |
_aChemistry, Technical. _931267 |
|
| 942 |
_2ddc _cBK |
||
| 999 |
_c10128 _d10128 |
||